00493nam a2200169 a 4500008004100000020001500041050002100056100002000077245009200097250001200189260002800201300002100229350000900250650001200259650003200271700002000303120202s2001 ||||||||||||||||| || u a0080440282 aQH 541.15.S5 Jor aJorgensen, S. E10aFundamentals of ecological modelling. (3rd ed.)cby S. E. Jorgensen and G. Bendoricchio a3rd ed. aOxford:bElsevierc2001 axii, 530p.: ill. a0.00 aECOLOGY aECOLOGY--SIMULATION METHODS aBendoricchio, G